000 01486nam a22003857a 4500
003 CHAP
005 20220329143250.0
008 071112d2007 mx r 00110 spa d
010 _a94169
011 _a95141
035 _a105751
040 _cCHAP
090 _aTesis
100 1 _aPadilla Cruz, Erick Enrique
_984645
245 1 0 _aCalidad de chrysopa (Chrysoperla carnea) producida en el centro regional reproductor de organismos benéficos de Calera de Victor Rosales, Zacatecas, Zac.
_c/por Erick Enrique Padilla Cruz
260 _aChapingo, Méx. :
_bEl autor,
_c2007
300 _a61 h. :
_bilus. ; cuadros
502 _aTesis (Ing. Agr. Esp. en Parasitología Agrícola) -- UACH. Departamento de Parasitología Agrícola
590 _aALEPH
_b10
_c20130110
_lUCH01
_h1520
590 _aBATCH-UPD
_b10
_c20130110
_lUCH01
_h0547
590 _aBATCH-UPD
_b10
_c20130110
_lUCH01
_h2306
590 _aBATCH-UPD
_b10
_c20130410
_lUCH01
_h0228
590 _aBATCH-UPD
_b10
_c20130914
_lUCH01
_h0929
590 _aCONVERSION
_b10
_c20130109
_lUCH01
_h1352
650 0 4 _aControl biológico de insectos.
_927582
650 1 4 _aChrysopa.
_922954
650 1 4 _aChrysoperla carnea.
_922956
650 1 4 _aCultivos
_xPlagas.
_930305
650 1 4 _aEclosión.
_935118
901 _aBK
905 _aElisama A. H.
942 _cFOLL
949 _aTesis
_bBC
_cTES
_d33724002035033
_eTS2
_fc.2
_gDonaciØn
_h47232
_i105751
_sb
949 _aTesis
_bBC
_cTES
_d33724002035074
_eTS1
_gDonaciØn
_h47231
_i105751
_sb
999 _c94169
_d94169